Prostor a perspektiva : učebnice pro střední uměleckoprůmyslové školy /

Main Author: Crhák, František, 1926-2011
Language: Czech
Published: Praha : Státní pedagogické nakladatelství, 1984
Edition: 4. vyd.
Series: Učebnice pro střední školy
Physical Description: 108 s. : il.
Book
Saved in:
LEADER 01082nam a2200277 a 4500
001 000674227
003 CZ BrMZK
005 20210104114738.0
007 ta
008 030618s1984 xr a f cze d
015 |a cnb000020637 
035 |a (OCoLC)39588009 
040 |a BOA001  |b cze  |c BOA002 
080 9 |a 7.017.6(075.3):377.5 
100 1 |a Crhák, František,  |d 1926-2011  |7 jk01020830  |4 aut 
245 1 0 |a Prostor a perspektiva :  |b učebnice pro střední uměleckoprůmyslové školy /  |c František Crhák 
250 |a 4. vyd. 
260 |a Praha :  |b Státní pedagogické nakladatelství,  |c 1984 
300 |a 108 s. :  |b il. 
490 1 |a Učebnice pro střední školy 
830 0 |a Učebnice pro střední školy 
910 |a BOA001  |b PK-N-0017.784-84  |b 3-0748.364-84 
964 |a Perspektiva prostorová - učebnice - školy umělecko-průmyslové 
990 |a BK 
996 7 |b 2619909326  |c 3-0748.364-84  |l MZK  |r Sklad / do 1 hodiny  |n 16  |w 000674227  |u 000020  |a 1  |e BOA001  |j MZK50  |s A 
996 7 |b 3119838066  |c PK-N-0017.784-84  |l MZK  |r Sklad / do 1 hodiny  |n 6  |w 000674227  |u 000010  |a 1  |e BOA001  |j MZK50  |s A